000
00275nam a22000857a 4500
008
211216b ||||| |||| 00| 0 eng d
100
_a
Kaufmann Auction Galleries
245
_a
Confederate States Postal History
_b
The Estate of William J Bogg
650
_a
Confederate States of America
999
_c
3236
_d
3236